El procedimiento cicil dominicano de acuerdo con los leyes 834 y 845 de 1978 / James Rowland C. (Registro nro. 11458)

Detalles MARC
000 -LEADER
fixed length control field 00598nam a22001931a 4500
001 - CONTROL NUMBER
control field 11458
003 - CONTROL NUMBER IDENTIFIER
control field OSt
005 - DATE AND TIME OF LATEST TRANSACTION
control field 20260204212243.0
008 - FIXED-LENGTH DATA ELEMENTS--GENERAL INFORMATION
fixed length control field 121109s2006||||dr ||||||b||||||||||spa||
020 ## - NUMERO DE LIBRO INTERNACIONAL NORMALIZADO
International Standard Book Number 999346885x
050 ## - LIBRARY OF CONGRESS CALL NUMBER
Classification number RD 347.057293 R796p
100 ## - ASIENTO PRINCIPAL -- NOMBRE PERSONAL
Personal name Rowland C., James
245 ## - TÍTULO PROPIAMENTE DICHO: SUBTÍTULO
Title El procedimiento cicil dominicano de acuerdo con los leyes 834 y 845 de 1978 / James Rowland C.
264 ## - PRODUCTION, PUBLICATION, DISTRIBUTION, MANUFACTURE, AND COPYRIGHT NOTICE
Place of production, publication, distribution, manufacture Santo Domingo : Ediciones Jurídicas Trajano Potentini
300 ## - PHYSICAL DESCRIPTION
Extensión 271 p
500 ## - GENERAL NOTE
General note Incluye bibliografía
650 ## - ASIENTO SECUNDARIO DE MATERIA -- TERMINO TEMÁTICO
Termino Temático Como Elemento de Entrada Procedimiento Civil - República DominicanaÌ
942 ## - ADDED ENTRY ELEMENTS (KOHA)
Source of classification or shelving scheme Dewey Decimal Classification
Koha item type Libros
Existencias
Withdrawn status Lost status Source of classification or shelving scheme Damaged status Not for loan Current library Date acquired Total Checkouts Full call number Barcode Date last seen Price effective from Koha item type
    Dewey Decimal Classification     Biblioteca UTECO 09/09/2019   RD 347.057293 R796P 016410 09/09/2019 09/09/2019 Libros
    Dewey Decimal Classification     Biblioteca UTECO 09/09/2019   RD 347.057293 R796P 016411 09/09/2019 09/09/2019 Libros
    Dewey Decimal Classification     Biblioteca UTECO 09/09/2019   RD 347.057293 R796P 016412 09/09/2019 09/09/2019 Libros
© 2021 Derechos Reservados UTECO - Teléfono: +1 809-585-2291 - Correo electrónico: biblioteca@uteco.edu.do​  
Código postal 43000 ​​
Dirección: Avenida Universitaria No. 100, 
Cotuí, Provincia Sánchez Ramírez, República Dominicana - RNC: 404-00059-6